000 00505nam a2200109Ia 4500
008 171212s9999 xx 000 0 und d
100 _aConklin, Annalijn;Yaqub, Ohid;Celia, Claire;Nolte, Ellen
245 _cConklin, Annalijn;Yaqub, Ohid;Celia, Claire;Nolte, Ellen
_aPostmenopausal osteoporosis management
_bA review of the evidence to inform the development of quality indicators
260 _bRAND Corporation
_c2012
650 _aHealth Sciences
856 _uhttp://www.jstor.org/stable/10.7249/j.ctt3fh1vm
999 _c352415
_d352415